Mizag at tasnim ta will lil guz

محفوظ في:

التنسيق: كتاب

اللغة: Undetermined

منشور في: Gottinden 1944

الوسوم: إضافة وسم

لا توجد وسوم, كن أول من يضع وسما على هذه التسجيلة!

رقم الطلب: AS182.G812

LEADER 00389nam a2200121Ia 4500
008 230909s9999||||xx |||||||||||||| ||und||
050 4 |a AS182.G812 
245 1 0 |a Mizag at tasnim ta will lil guz 
264 1 |a Gottinden   |c 1944 
300 |c 25cm 
942 |2 lcc  |c BK 
952 |0 0  |1 0  |2 lcc  |4 0  |6 AS0182 G812  |7 1  |9 50004  |a ARCE  |b ARCE  |d 2023-09-09  |l 0  |o AS182.G812  |r 2023-09-09 00:00:00  |w 2023-09-09  |y BK 
999 |c 54627  |d 54627